Ilmu kebatinan modern (Record no. 64210)

MARC details
000 -LEADER
fixed length control field 00615cam a22002291 4500
001 - CONTROL NUMBER
control field sa 65005247
003 - CONTROL NUMBER IDENTIFIER
control field DLC
005 - DATE AND TIME OF LATEST TRANSACTION
control field 20260227112136.0
008 - FIXED-LENGTH DATA ELEMENTS--GENERAL INFORMATION
fixed length control field 841012s1962 io ck 000 0 ind
010 ## - LIBRARY OF CONGRESS CONTROL NUMBER
LC control number sa 65005247
025 ## - OVERSEAS ACQUISITION NUMBER
Overseas acquisition number PL480:Indo-1708
035 ## - SYSTEM CONTROL NUMBER
System control number (OCoLC)11259608
040 ## - CATALOGING SOURCE
Original cataloging agency DLC
Transcribing agency WU
Modifying agency WU
-- DLC
042 ## - AUTHENTICATION CODE
Authentication code premarc
050 00 - LIBRARY OF CONGRESS CALL NUMBER
Classification number BF145
Item number .N8
100 1# - MAIN ENTRY--PERSONAL NAME
Personal name Nurhadi, R.
245 10 - TITLE STATEMENT
Title Ilmu kebatinan modern
Statement of responsibility, etc. [oleh R. Nurhadi]
260 ## - PUBLICATION, DISTRIBUTION, ETC.
Place of publication, distribution, etc. Gombong,
Name of publisher, distributor, etc. Jajasan Setyaki
Date of publication, distribution, etc. [cover 1962]
300 ## - PHYSICAL DESCRIPTION
Extent 124 p.
Other physical details fold. forms, ports.
Dimensions 16 cm.
500 ## - GENERAL NOTE
General note Illustras: Abdulsalam.
650 #0 - SUBJECT ADDED ENTRY--TOPICAL TERM
Topical term or geographic name entry element Psychology.

No items available.

Powered by Koha